Předat firmu je těžší než ji prodat
Budovať rodinný podnik je ťažšie než ho predať. Príprava na odovzdanie kormidla. Riešenie jedného nástupcu alebo viacerých spoločníkov. Príprava nástupcu a riešenie vzťahov s doterajšími majiteľmi. Zverenecký fond v právnej úprave nového českého občianskeho zákonníka.
Salvato in:
| Autore principale: | |
|---|---|
| Natura: | Capitolo di libro |
| Lingua: | ceco |
| Soggetti: | |
| Tags: |
Nessun Tag, puoi essere il primo ad aggiungerne!!
|
MARC
| LEADER | 00000naa a2200000 4500 | ||
|---|---|---|---|
| 001 | 0192813 | ||
| 005 | 20231211095008.0 | ||
| 041 | 0 | |a cze | |
| 044 | |a CZ | ||
| 245 | 1 | 0 | |a Předat firmu je těžší než ji prodat |c Stanislav Servus |
| 520 | |a Budovať rodinný podnik je ťažšie než ho predať. Príprava na odovzdanie kormidla. Riešenie jedného nástupcu alebo viacerých spoločníkov. Príprava nástupcu a riešenie vzťahov s doterajšími majiteľmi. Zverenecký fond v právnej úprave nového českého občianskeho zákonníka. | ||
| 610 | 2 | 0 | |a podnik rodinný |
| 610 | 2 | 0 | |a podnikanie rodinné |
| 610 | 2 | 0 | |a vlastníctvo |
| 610 | 2 | 0 | |a majetok |
| 610 | 2 | 0 | |a manažment |
| 610 | 2 | 0 | |a riadenie podnikové |
| 100 | 1 | |a Servus, Stanislav | |